000 02790cam a22004694i 4500
003 PE-LiUPU
005 20250731175629.0
008 150623s1982 ag r 000 0 spa d
035 _a(Sirsi) a27781
035 _a(Sirsi) a27781
040 _aPE-LiUPU
_bspa
_cPE-LiUPU
_erda
082 0 4 _a492.4
_bF71D
_221
245 0 0 _aDiccionario del Hebreo y Arameo bíblicos /
_cGeorg Fohrer ed.
264 1 _aBuenos Aires, Argentina :
_bAsociación Ediciones la Aurora,
_c1982.
300 _a345 páginas ;
_c23 centímetros
336 _atext
_2rdacontent
337 _aunmediated
_2rdamedia
338 _avolume
_2rdacarrier
500 _aEdición en castellano: producida en colaboración con el Instituto Superior Evangélico de Estudios Teológicos. Traducción de la parte alemana: René KrUger.
505 0 _aDiccionario del hebreo y Arameo bíblico.
526 _aP145
526 _aP127
526 _aP97
526 _aP35
526 _aP14
526 _aP07
541 _g001-0014463;
541 _g001-0014463;
650 0 4 _aHebreo bíblico
_vDiccionarios.
650 0 4 _aArameo bíblico
_vDiccionarios.
700 1 _aFohrer, Georg,
_eed.
942 _2ddc
_cBOOK
949 _a492.4 F71D
_wDEWEY
_c1
_i53155
_lCCODEBUL1
_mBUL
_p12.00
_r0
_sY
_tBOOK
_u2015-6-24
_xTEOLOGIA
_PP35
_0COMPRA
_o.CIRCNOTE. No olvidar cambiar la fecha de devolución!!!!!!!
_o.STAFF. Colección General
949 _aRC 492.4 F71D
_wDEWEY
_c2
_i55503
_lRC
_mBUL
_p10.00
_r0
_sY
_tBOOK
_u2015-6-24
_xTEOLOGIA
_PP35
_0COMPRA
_o.CIRCNOTE. No olvidar cambiar la fecha de devolución!!!!!!!
_o.STAFF. Colección General
949 _aRC 492.4 F71D
_wDEWEY
_c3
_i55504
_lRC
_mBUL
_p10.00
_r0
_sY
_tBOOK
_u2015-6-24
_xTEOLOGIA
_PP35
_0COMPRA
_o.CIRCNOTE. No olvidar cambiar la fecha de devolución!!!!!!!
_o.STAFF. Colección General
994 _aC0
_bPEPRU
596 _a1
999 _a492.4 F71D
_wDEWEY
_c34957
_i53155
_d34957
_e2019-5-29
_f2021-11-11
_g5
_lCCODEBUL1
_mBUL
_n2
_p12.00
_q1
_r0
_sY
_tBOOK
_u2015-6-24
_xTEOLOGIA
_PP35
_0COMPRA
_o.CIRCNOTE. No olvidar cambiar la fecha de devolución!!!!!!!
_o.STAFF. Colección Teología
999 _aRC 492.4 F71D
_wDEWEY
_c2
_i55503
_d2018-11-26
_f2021-11-8
_g5
_lCCODEBUL1
_mBUL
_p10.00
_q3
_r1
_sY
_tBOOK
_u2015-6-24
_xTEOLOGIA
_PP35
_0COMPRA
_o.CIRCNOTE. No olvidar cambiar la fecha de devolución!!!!!!!
_o.STAFF. Colección General
999 _aRC 492.4 F71D
_wDEWEY
_c3
_i55504
_d2019-5-22
_f2021-11-8
_g5
_lCCODEBUL1
_mBUL
_p10.00
_q6
_r1
_sY
_tBOOK
_u2015-6-24
_xTEOLOGIA
_PP35
_0COMPRA
_o.CIRCNOTE. No olvidar cambiar la fecha de devolución!!!!!!!
_o.STAFF. Colección General
980 _81
_gALBERTO SANCHEZ Responsable de Automatización